Excercises and fitness/ (Record no. 159728)

MARC details
000 -LEADER
fixed length control field 00513nam a22001817a 4500
005 - DATE AND TIME OF LATEST TRANSACTION
control field 20190103130746.0
010 ## - LCCN (DPL NO)
LC control number ENG-124625
020 ## - INTERNATIONAL STANDARD BOOK NUMBER
International Standard Book Number 9788192557184
Terms of availability 600.00
035 ## - SYSTEM CONTROL NUMBER
System control number EN-108157
037 ## - SOURCE OF ACQUISITION
Source of stock number/acquisition DBAD/PUB
082 ## - DEWEY DECIMAL CLASSIFICATION NUMBER
Classification number 613.71
100 ## - MAIN ENTRY--PERSONAL NAME
Personal name Om Prakash
245 ## - TITLE STATEMENT
Title Excercises and fitness/
Statement of responsibility, etc by Om Prakash
260 ## - PUBLICATION, DISTRIBUTION, ETC. (IMPRINT)
Date of publication, distribution, etc 2018
Place of publication, distribution, etc Allahabad
Name of publisher, distributor, etc Anurag Publication
270 ## - ADDRESS
Address 116/70, Lukerganj,
City Allahbad
Postal code 211001
300 ## - PHYSICAL DESCRIPTION
Dimensions 21cm(Hb)
Extent 136p.
Other physical details ill.pic.
942 ## - ADDED ENTRY ELEMENTS (KOHA)
Item type English Books
Source of classification or shelving scheme Dewey Decimal Classification
Call number suffix OMP
Classification part 613.71
Holdings
Withdrawn status Lost status Not for loan Collection code Home library Current library Date acquired Source of acquisition Cost, normal purchase price Full call number Barcode Copy number Cost, replacement price Koha item type
    Not For Loan Non-fiction D.B.Act.Division Ashok Vihar 03/01/2019 DBAD/PUB 600.00 613.71 OMP EN-108157 1 600.00 English Books

© Delhi Public Library
Hit Counter
free hit counter